NBA Players from West Virginia - Statistics

General Stats
  • This quiz has been taken 69 times
    4 since last reset
  • The average score is 4 of 22
Answer Stats
Position Player Draft Year % Correct
PG Javon Small 2025
100%
SG Jerry West 1960
100%
PG Jevon Carter 2018
67%
PG Miles McBride 2021
67%
G Hot Rod Hundley 1957
33%
C Oscar Tshiebwe 2023
33%
G Bobby Smith 1959
0%
F Devin Ebanks 2010
0%
G Ed Beach 1950
0%
GF Fred Schaus 1949
0%
SF Jalen Bridges 2024
0%
PG Jaysean Paige 2016
0%
SG Jerome Anderson 1975
0%
C Jesse Edwards 2024
0%
SF Joe Alexander 2008
0%
PF Kevin Jones 2012
0%
PG Lowes Moore 1980
0%
FC Mark Workman 1952
0%
G Rod Thorn 1963
0%
G Ron Williams 1968
0%
SG Toby Okani 2025
0%
GF Tony Robertson 1977
0%
No matching quizzes found
Score Distribution
Percent of People with Each Score
Percentile by Number Answered
Your Score History
You have not taken this quiz since the last reset